Study writing: a course in written english for academic and professional purposes

Kaydedildi:
Detaylı Bibliyografya
Asıl Yazarlar: Hamp-Lyons, Liz (Yazar), Heasley, Ben (Yazar)
Materyal Türü: Kitap
Dil:İngilizce
Baskı/Yayın Bilgisi: Cambridge Cambridge University Press 1987
Konular:
Etiketler: Etiketle
Etiket eklenmemiş, İlk siz ekleyin!

MARC

LEADER 00000nam a2200000 a 4500
001 UCW8290
003 CL-VaPUC
008 880801e19870000UK |||||||||||||||||eng|d
082 0 4 |a 808.042  |b HAM  |2 21 
100 0 |a Hamp-Lyons, Liz  |e author  |9 313421 
700 0 |a Heasley, Ben  |e author  |9 313422 
245 1 0 |a Study writing: a course in written english for academic and professional purposes 
300 |a 168 p 
942 |c BK 
945 |d 19880801 00:00:00 
260 |a Cambridge  |b Cambridge University Press  |c 1987 
650 7 |a INGLES EJERCICIOS DE ESCRITURA  |2 CL-VaPUC  |9 313423 
650 7 |a INGLES TEXTOS PARA EXTRANJEROS  |2 CL-VaPUC  |9 313424 
583 |a last modification  |c 20120606 11:10:30  |k Rodrigo Vera 
999 |c 220711  |d 220709 
952 |0 0  |1 0  |4 0  |6 808_042000000000000_HAM_1987  |7 0  |8 A  |9 213274  |a BIBEDU  |b BIBEDU  |d 2019-11-15  |i 259773K  |o 808.042 HAM 1987  |p 259773K  |r 2019-11-15  |w 2019-11-15  |y BK  |k LIT